[Event "Porto district-ch U10"]
[Site "Porto"]
[Date "2006.03.01"]
[Round "5"]
[White "Relvas, Francisco do Bem"]
[Black "Fukunaga, William Norio"]
[Result "1-0"]
[WhiteElo "1174"]
[BlackElo "1206"]
[PlyCount "75"]
[EventDate "2006.02.25"]
[EventType "tourn"]
[EventRounds "5"]
[EventCountry "POR"]
[SourceTitle "EXT 2008"]
[Source "ChessBase"]
[SourceDate "2007.11.25"]
[SourceVersion "1"]
[SourceVersionDate "2007.11.25"]
[SourceQuality "1"]

1. e4 e5 2. Nf3 Nc6 3. Bb5 Nf6 4. Nc3 d6 5. Bxc6+ bxc6 6. 0-0 Be7 7. d3 0-0 8. h3 h6 9. d4 Ba6 10. Re1 exd4 11. Nxd4 d5 12. exd5 Nxd5 13. Nxd5 cxd5 14. Nc6 Qd6 15. Nxe7+ Kh8 16. Re3 Rae8 17. Nf5 Qf6 18. Rxe8 Rxe8 19. Qxd5 c6 20. Qd6 Qxf5 21. Qxc6 Re1+ 22. Kh2 Qf4+ 23. Bxf4 Rxa1 24. Bxh6 Rxa2 25. Qe8+ Kh7 26. Be3 Rxb2 27. Bxa7 Rxc2 28. f3 Bf1 29. Qe4+ g6 30. Qxc2 Bb5 31. Qb3 Be8 32. g4 Kg7 33. Qc3+ Kh7 34. Qe5 Bc6 35. Bd4 Kh6 36. Qg7+ Kg5 37. Be3+ Kh4 38. Qf6+ 1-0

[Event "Porto district-ch U10"]
[Site "Porto"]
[Date "2006.02.28"]
[Round "4"]
[White "Dias, Pedro"]
[Black "Relvas, Francisco do Bem"]
[Result "0-1"]
[WhiteElo "1211"]
[BlackElo "1174"]
[PlyCount "120"]
[EventDate "2006.02.25"]
[EventType "tourn"]
[EventRounds "5"]
[EventCountry "POR"]
[SourceTitle "EXT 2008"]
[Source "ChessBase"]
[SourceDate "2007.11.25"]
[SourceVersion "1"]
[SourceVersionDate "2007.11.25"]
[SourceQuality "1"]

1. e4 e5 2. Nf3 Nc6 3. Bc4 Nf6 4. Nc3 Bb4 5. d3 Nd4 6. 0-0 0-0 7. a3 Bxc3 8. bxc3 Nxf3+ 9. Qxf3 d6 10. Qg3 Nh5 11. Qf3 Nf6 12. Bg5 Bg4 13. Qg3 h5 14. h3 Qd7 15. Bxf6 gxf6 16. hxg4 hxg4 17. d4 exd4 18. cxd4 Rfe8 19. e5 fxe5 20. Rab1 b6 21. Bb5 c6 22. Be2 exd4 23. Bxg4 Qe7 24. Bd7+ Kf8 25. Bxe8 Rxe8 26. Rfe1 Qd7 27. Qh4 Re6 28. Rxe6 fxe6 29. Qxd4 c5 30. Qf4+ Ke7 31. g4 e5 32. Qg5+ Ke8 33. Qh5+ Kd8 34. g5 Qf5 35. Qh6 Qg4+ 36. Kf1 Qc4+ 37. Kg2 Qe4+ 38. f3 Qf4 39. Rh1 Qd2+ 40. Kf1 Qd1+ 41. Kg2 Qd2+ 42. Kh3 d5 43. Kg3 Qf4+ 44. Kf2 Qd4+ 45. Ke2 Qc4+ 46. Kd1 Qd4+ 47. Kc1 Qe3+ 48. Kb1 d4 49. Qh5 d3 50. Rc1 d2 51. Rd1 Qe2 52. Qh1 Qb5+ 53. Ka1 Qa5 54. Ka2 Ke7 55. Qh6 Qb5 56. g6 Qe2 57. g7 Qxd1 58. g8Q Qxc2+ 59. Ka1 d1R+ 60. Qc1 Rxc1# 0-1